| 000 | 00752nam a2200229 4500 | ||
|---|---|---|---|
| 001 | 139253 | ||
| 003 | ES-MaACL | ||
| 005 | 20230906195734.0 | ||
| 007 | t| | ||
| 008 | 070214s1957 ag r ||||1| spa d | ||
| 100 | 1 |
_aSaroyan, William. _9103843 |
|
| 245 | 1 | 0 |
_aTeatro / _cWilliam Saroyan ; traducción directa de Miguel de Amilibia. |
| 260 |
_aBuenos Aires : _bLosada, _c1957. |
||
| 300 |
_a245 p. ; _c21 cm. |
||
| 505 | 8 | _aContiene: No te vayas así. La casa de Sam Ego. Nacimiento decoroso. En tierra alegre | |
| 700 | 1 |
_aAmilibia Matxinbarrena, Miguel de. _921254 |
|
| 740 | 0 | _aNo te vayas así. | |
| 740 | 0 | _aLa casa de Sam Ego. | |
| 740 | 0 | _aNacimiento decoroso. | |
| 740 | 0 | _aEn tierra alegre. | |
| 852 |
_aES-MaACL _jC-16476 _bR.44661 |
||
| 999 |
_c139253 _d139253 |
||